Analýza daňového zaťaženia v EÚ diplomová práca

Salvato in:
Dettagli Bibliografici
Autore principale: Jurišová, Martina
Ente Autore: Národohospodárska fakulta EU. Katedra financií
Altri autori: Rabatinová, Marcela, 1977-
Natura: Libro
Lingua:slovacco
Pubblicazione: Bratislava 2009
Tags: Aggiungi Tag
Nessun Tag, puoi essere il primo ad aggiungerne!!

MARC

LEADER 00000nam$a2200000$$$4500
001 0096630
005 20240318141210.6
041 0 |a slo 
044 |a SK 
245 1 0 |a Analýza daňového zaťaženia v EÚ  |b diplomová práca  |c Martina Jurišová ; škol. Marcela Rabatinová 
264 1 |a Bratislava  |c 2009 
300 |a 73 s. 
100 1 |a Jurišová, Martina 
700 1 |a Rabatinová, Marcela, 1977- 
710 2 |a Národohospodárska fakulta EU. Katedra financií